[Event "Sportsko leto 2017"]
[Site "Paracin"]
[Date "2017.07.07"]
[Round "1.1"]
[White "Damljanovic, Branko"]
[Black "Milosevic, Milos"]
[Result "1-0"]
[WhiteElo "2544"]
[BlackElo "2263"]
[PlyCount "51"]
[EventDate "2017.??.??"]

1. d4 Nf6 2. c4 g6 3. Nc3 Bg7 4. e4 d6 5. h3 O-O 6. Be3 e5 7. d5 Na6 8. Nf3 Nc5
9. Nd2 a5 10. a3 c6 11. Be2 Bd7 12. b4 cxd5 13. cxd5 Na6 14. Qb3 axb4 15. axb4
Qe7 16. O-O Nc7 17. b5 h6 18. b6 Rxa1 19. Rxa1 Nce8 20. Ra7 Bc8 21. Qc4 Bd7 22.
Rxb7 Qd8 23. Ra7 Nxe4 24. Ndxe4 f5 25. b7 Qb8 26. Qa6 1-0

[Event "Sportsko leto 2017"]
[Site "Paracin"]
[Date "2017.07.07"]
[Round "1.2"]
[White "Konstantinov, Aleksandar"]
[Black "Sanal, Vahap"]
[Result "0-1"]
[WhiteElo "2262"]
[BlackElo "2533"]
[PlyCount "58"]
[EventDate "2017.??.??"]

1. d4 Nf6 2. c4 e6 3. Nc3 Bb4 4. Qc2 d5 5. a3 Bd6 6. cxd5 exd5 7. Bg5 c6 8. e3
Be6 9. Bd3 Nbd7 10. Nf3 h6 11. Bh4 O-O 12. O-O Re8 13. b4 a6 14. Rab1 Qc7 15.
Bg3 Bxg3 16. hxg3 Qd6 17. a4 Bg4 18. b5 axb5 19. axb5 c5 20. dxc5 Nxc5 21. Bf5
Bxf5 22. Qxf5 Nce4 23. Rbc1 Rad8 24. Rfd1 Qa3 25. Nxe4 dxe4 26. Nd4 Rd5 27. Qf4
Rde5 28. Rc8 Rxc8 29. Qxe5 Rc1 0-1

[Event "Sportsko leto 2017"]
[Site "Paracin"]
[Date "2017.07.07"]
[Round "1.3"]
[White "Atalik, Suat"]
[Black "Eric, Jovana"]
[Result "1-0"]
[WhiteElo "2525"]
[BlackElo "2262"]
[PlyCount "107"]
[EventDate "2017.??.??"]

1. d4 Nf6 2. c4 c5 3. d5 d6 4. Nc3 g6 5. e4 Bg7 6. f3 O-O 7. Bg5 h6 8. Be3 e6
9. dxe6 Bxe6 10. Bd3 Nc6 11. Nge2 Ne5 12. b3 a6 13. O-O Rb8 14. Rc1 Qa5 15. Nf4
g5 16. Nxe6 fxe6 17. Bb1 Qc7 18. Qd2 Nh5 19. Ne2 Rbd8 20. Rf2 Qe7 21. Rcf1 b5
22. Bd3 b4 23. Bc2 Qf7 24. g3 Qb7 25. f4 Ng4 26. Rf3 Nxe3 27. Qxe3 g4 28. R3f2
Bf6 29. e5 dxe5 30. fxe5 Bg5 31. Rxf8+ Rxf8 32. Rxf8+ Kxf8 33. Qxc5+ Kf7 34.
Qf2+ Kg8 35. Nd4 Ng7 36. Bg6 Qa7 37. Kf1 Qb7 38. c5 Qh1+ 39. Ke2 Nf5 40. Bxf5
exf5 41. Qxf5 Qxh2+ 42. Qf2 Qh1 43. Kd3 Qd5 44. e6 Qxc5 45. Qf7+ Kh8 46. Ke4
Be7 47. Qf5 Qc1 48. Qxg4 Bf6 49. Qf4 Qh1+ 50. Kd3 Qd1+ 51. Kc4 Be7 52. Qxh6+
Kg8 53. Qg6+ Kh8 54. Qe8+ 1-0

[Event "Sportsko leto 2017"]
[Site "Paracin"]
[Date "2017.07.07"]
[Round "1.4"]
[White "Popovic, Djordje D"]
[Black "Kadric, Denis"]
[Result "0-1"]
[WhiteElo "2258"]
[BlackElo "2515"]
[PlyCount "62"]
[EventDate "2017.??.??"]

1. d4 d6 2. Nf3 g6 3. c4 Bg7 4. Nc3 Nd7 5. e4 e5 6. Be2 Nh6 7. O-O O-O 8. dxe5
dxe5 9. b3 c6 10. Ba3 Re8 11. Qd2 f6 12. Rfd1 Nf7 13. Qc2 Qc7 14. c5 Nf8 15. h3
Ne6 16. Na4 f5 17. Bc4 fxe4 18. Qxe4 Kh8 19. Re1 b5 20. cxb6 axb6 21. Rac1 Bb7
22. Bb2 Nd6 23. Qc2 Nxc4 24. bxc4 c5 25. Nxe5 Nd4 26. Bxd4 cxd4 27. Nxg6+ hxg6
28. Qxg6 Qc6 29. Qxc6 Bxc6 30. Nxb6 Rxe1+ 31. Rxe1 Rxa2 0-1

[Event "Sportsko leto 2017"]
[Site "Paracin"]
[Date "2017.07.07"]
[Round "1.5"]
[White "Ali Marandi, Cemil Can"]
[Black "Velikic, Adela"]
[Result "1-0"]
[WhiteElo "2515"]
[BlackElo "2256"]
[PlyCount "65"]
[EventDate "2017.??.??"]

1. d4 d5 2. Bf4 Nf6 3. e3 c5 4. c3 Nc6 5. Nd2 cxd4 6. exd4 Bf5 7. Ngf3 h6 8.
Ne5 Qb6 9. Qb3 Qxb3 10. axb3 Nxe5 11. Bxe5 Nd7 12. Bg3 g5 13. Be2 Bg7 14. O-O
O-O 15. b4 Bg6 16. Bb5 Nf6 17. Rfe1 e6 18. Nb3 Ne4 19. Nc5 Nxg3 20. hxg3 b6 21.
Nd7 Rfc8 22. Ra6 Rc7 23. Rea1 f6 24. Rxb6 Rd8 25. Rba6 Be8 26. Rxa7 Bxd7 27.
Rxc7 Bxb5 28. Raa7 Bf8 29. Rab7 Bc4 30. b5 Ra8 31. b6 Ra1+ 32. Kh2 Rb1 33. Rb8
1-0

[Event "Sportsko leto 2017"]
[Site "Paracin"]
[Date "2017.07.07"]
[Round "1.6"]
[White "Popovic, Aleksandar M"]
[Black "Zajic, Milan"]
[Result "0-1"]
[WhiteElo "2255"]
[BlackElo "2513"]
[PlyCount "86"]
[EventDate "2017.??.??"]

1. Nf3 d5 2. c4 e6 3. g3 dxc4 4. Bg2 a6 5. a4 Nf6 6. O-O Be7 7. Qc2 O-O 8. Ne5
a5 9. Qxc4 Na6 10. d3 Nb4 11. Na3 Nfd5 12. Nc2 Kh8 13. Nxb4 Nxb4 14. d4 Ra6 15.
Bd2 f6 16. Nd3 Rb6 17. Nc5 e5 18. e3 exd4 19. exd4 Rd6 20. Bc3 b6 21. Nb7 Bxb7
22. Bxb7 c6 23. Bxb4 axb4 24. Bxc6 Rxd4 25. Qe6 Rd6 26. Qc4 Rd4 27. Qe6 Rd2 28.
b3 Bc5 29. Rae1 f5 30. Bg2 Qd3 31. Qc4 Qxc4 32. bxc4 b3 33. Rb1 b2 34. Bd5 g6
35. Kg2 Re8 36. Bf3 Kg7 37. Rbd1 Red8 38. Bd5 Rc2 39. h3 Re8 40. g4 Ree2 41.
gxf5 Rxf2+ 42. Rxf2 Rxf2+ 43. Kg3 gxf5 0-1

[Event "Sportsko leto 2017"]
[Site "Paracin"]
[Date "2017.07.07"]
[Round "1.7"]
[White "Nestorovic, Nikola"]
[Black "Zarkovic, Mila"]
[Result "1-0"]
[WhiteElo "2509"]
[BlackElo "2255"]
[PlyCount "89"]
[EventDate "2017.??.??"]

1. e4 c5 2. Nf3 e6 3. d4 cxd4 4. Nxd4 Nf6 5. Nc3 d6 6. g4 h6 7. Bg2 Nc6 8. h3
a6 9. Be3 Be7 10. f4 d5 11. g5 hxg5 12. fxg5 Nh5 13. h4 Qc7 14. Qd2 Ne5 15.
O-O-O Nc4 16. Qf2 Qg3 17. Rh3 Qxf2 18. Bxf2 Nf4 19. Rg3 Nh5 20. Rf3 Ne5 21.
exd5 Nxf3 22. Bxf3 Nf4 23. Bg3 Bd6 24. dxe6 Nd3+ 25. Rxd3 Bxg3 26. exf7+ Kf8
27. Nde2 Bc7 28. Nd5 Bd8 29. Ndf4 Bf5 30. Rd5 g6 31. Nd4 Kxf7 32. Nxf5 gxf5 33.
Rxf5+ Kg7 34. h5 Bxg5 35. Rxg5+ Kf6 36. Rg6+ Kf5 37. Nd3 Rae8 38. Kd2 Rd8 39.
a4 Rd4 40. b3 Rh4 41. Bxb7 Rh2+ 42. Kc3 R8xh5 43. Rxa6 Rh7 44. Bd5 Re2 45. b4
1-0

[Event "Sportsko leto 2017"]
[Site "Paracin"]
[Date "2017.07.07"]
[Round "1.8"]
[White "Pecurica, Milos"]
[Black "Kovacevic, Aleksandar"]
[Result "1/2-1/2"]
[WhiteElo "2255"]
[BlackElo "2507"]
[PlyCount "63"]
[EventDate "2017.??.??"]

1. d4 Nf6 2. c4 e6 3. Nc3 Bb4 4. g3 c5 5. Nf3 cxd4 6. Nxd4 O-O 7. Bg2 d5 8.
cxd5 Nxd5 9. Qb3 Bc5 10. Nc2 Nc6 11. Nxd5 exd5 12. Qxd5 Qa5+ 13. Bd2 Qb6 14.
Be3 Bxe3 15. Nxe3 Be6 16. Qd2 Rfd8 17. Qc3 Nd4 18. Qa3 Bg4 19. O-O Bxe2 20.
Rfc1 Bf3 21. Bxf3 Nxf3+ 22. Kg2 Nd4 23. Qe7 Qxb2 24. Rc7 Rf8 25. Rd1 Rae8 26.
Qd7 Rd8 27. Rxb7 Qe2 28. Qg4 Qa6 29. Re7 Qc6+ 30. Qe4 Qxe4+ 31. Rxe4 Ne6 32.
Ra4 1/2-1/2

[Event "Sportsko leto 2017"]
[Site "Paracin"]
[Date "2017.07.07"]
[Round "1.9"]
[White "Pavlovic, Milos"]
[Black "Yordanov, Lachezar"]
[Result "0-1"]
[WhiteElo "2500"]
[BlackElo "2246"]
[PlyCount "100"]
[EventDate "2017.??.??"]

1. g3 Nf6 2. Bg2 d5 3. d3 c5 4. Nf3 Nc6 5. O-O e6 6. c4 Be7 7. Nc3 O-O 8. Bf4
b6 9. e4 d4 10. Ne2 Nd7 11. Ne1 Bb7 12. Bd2 Qc7 13. g4 Nde5 14. Ng3 g5 15. f4
gxf4 16. Bxf4 Bd6 17. Nh5 Nd7 18. Bxd6 Qxd6 19. Qd2 f6 20. Qh6 Qe7 21. Nf3 Nb4
22. g5 Nxd3 23. gxf6 Nxf6 24. Qg5+ Kh8 25. Ne1 Nxb2 26. Rc1 Bxe4 27. Rxf6 Rxf6
28. Nxf6 Bxg2 29. Qxg2 Qg7 30. Qxg7+ Kxg7 31. Ne4 Rf8 32. Nf2 e5 33. Rc2 Na4
34. Ned3 Rf5 35. Ne4 Kh6 36. Kg2 Kg6 37. Ng3 Rf8 38. Nxe5+ Kg7 39. Nd3 Nc3 40.
Rd2 a6 41. Rb2 Na4 42. Re2 b5 43. Re7+ Rf7 44. Nf5+ Kf6 45. Rxf7+ Kxf7 46. cxb5
axb5 47. Nd6+ Ke6 48. Nxb5 Kd5 49. Nc7+ Ke4 50. Nb2 Nxb2 0-1

[Event "Sportsko leto 2017"]
[Site "Paracin"]
[Date "2017.07.07"]
[Round "1.10"]
[White "Cvetkovic, Nemanja"]
[Black "Kobo, Ori"]
[Result "0-1"]
[WhiteElo "2244"]
[BlackElo "2494"]
[PlyCount "72"]
[EventDate "2017.??.??"]

1. d4 Nf6 2. c4 e6 3. Nf3 Bb4+ 4. Nbd2 O-O 5. a3 Be7 6. e4 d6 7. Be2 a5 8. b3
e5 9. dxe5 dxe5 10. Bb2 Nfd7 11. Nxe5 Nxe5 12. Bxe5 Nc6 13. Bc3 Bd6 14. O-O Qh4
15. g3 Qe7 16. Qc1 f5 17. Bf3 f4 18. Ra2 Bc5 19. e5 fxg3 20. hxg3 Bh3 21. Re1
Rad8 22. b4 axb4 23. axb4 Nxb4 24. Bxb4 Bxb4 25. Bxb7 c6 26. Bxc6 Qc5 27. Bf3
Rxd2 28. Rxd2 Rxf3 29. e6 Bxd2 30. Qxd2 Qe7 31. c5 Rf6 32. c6 Rxe6 33. Rxe6
Qxe6 34. Qd8+ Kf7 35. c7 Qc6 36. f3 Qxf3 0-1

[Event "Sportsko leto 2017"]
[Site "Paracin"]
[Date "2017.07.07"]
[Round "1.11"]
[White "Savic, Miodrag R"]
[Black "Budimir, Boris"]
[Result "1/2-1/2"]
[WhiteElo "2492"]
[BlackElo "2233"]
[PlyCount "50"]
[EventDate "2017.??.??"]

1. e4 e5 2. Nf3 Nc6 3. Bc4 Bc5 4. c3 Nf6 5. d3 O-O 6. O-O d5 7. exd5 Nxd5 8.
Nbd2 Nb6 9. Bb5 Bd6 10. Re1 Re8 11. Ne4 a6 12. Bxc6 bxc6 13. h3 Bf8 14. Ng3 Bd6
15. Re2 f6 16. d4 exd4 17. Nxd4 c5 18. Rxe8+ Qxe8 19. Ndf5 Bxg3 20. Nxg3 Bb7
21. Be3 Nd5 22. Qf3 Qc6 23. Re1 Re8 24. Bd2 Rxe1+ 25. Bxe1 Nf4 1/2-1/2

[Event "Sportsko leto 2017"]
[Site "Paracin"]
[Date "2017.07.07"]
[Round "1.12"]
[White "Jovanovic, Bojan P"]
[Black "Kosic, Dragan"]
[Result "0-1"]
[WhiteElo "2233"]
[BlackElo "2487"]
[PlyCount "118"]
[EventDate "2017.??.??"]

1. d4 d5 2. c4 e6 3. Nf3 Nf6 4. Nc3 Nbd7 5. Bf4 dxc4 6. e3 a6 7. Bxc4 c5 8. Qa4
cxd4 9. Nxd4 Bc5 10. Bxe6 O-O 11. Bxd7 Bxd7 12. Qd1 Qb6 13. Nb3 Bg4 14. Qd3
Rfd8 15. Qc4 Rac8 16. Nxc5 Qxb2 17. O-O b5 18. Nxb5 Be6 19. Na4 Qxa1 20. Qe2
Qxa2 21. Qxa2 Bxa2 22. Nd4 Nd5 23. Be5 f6 24. Bg3 Rd7 25. Ra1 Rb7 26. Kf1 Rb1+
27. Rxb1 Bxb1 28. Ke1 Rc4 29. Nb2 Rb4 30. Nd1 a5 31. Kd2 a4 32. Bd6 Rb7 33. Ba3
Rc7 34. f3 Nb6 35. Nb2 Nc4+ 36. Nxc4 Rxc4 37. g4 Kf7 38. h4 g6 39. g5 f5 40. f4
Be4 41. Bd6 Ke8 42. Ba3 Kd7 43. Bf8 Rc8 44. Bb4 Ra8 45. Kc3 a3 46. Nb3 a2 47.
Na1 Rc8+ 48. Kd4 Rc1 49. Bc3 Kc6 50. Bb2 Rh1 51. Ke5 Rxh4 52. Bd4 Kb5 53. Kf6
Kc4 54. Kg7 Rh1 55. Be5 Kd3 56. Bd4 Bd5 57. Kh8 Rh4 58. Bb6 Rh3 59. Kg7 Rxe3
0-1

[Event "Sportsko leto 2017"]
[Site "Paracin"]
[Date "2017.07.07"]
[Round "1.13"]
[White "Fernandez, Daniel Howard"]
[Black "Kisic, Bozidar"]
[Result "1-0"]
[WhiteElo "2485"]
[BlackElo "2224"]
[PlyCount "100"]
[EventDate "2017.??.??"]

1. d4 Nf6 2. Nf3 g6 3. Nc3 d5 4. Bf4 Bg7 5. e3 O-O 6. Be2 c6 7. h3 Nbd7 8. O-O
b6 9. Bh2 Bb7 10. Re1 a6 11. a4 c5 12. Ne5 Nxe5 13. Bxe5 c4 14. b3 cxb3 15.
cxb3 Rc8 16. Rc1 Qd7 17. Bd3 Ne8 18. Qg4 Qxg4 19. hxg4 Nf6 20. f3 Nd7 21. Bxg7
Kxg7 22. Na2 e6 23. Kf2 Nb8 24. Ke2 Rxc1 25. Rxc1 Rc8 26. Rb1 Nd7 27. Kd2 Kf6
28. Rh1 Kg7 29. g5 Nb8 30. Nc3 Nc6 31. f4 Rh8 32. g4 h6 33. gxh6+ Rxh6 34. Rxh6
Kxh6 35. g5+ Kg7 36. Na2 f6 37. b4 fxg5 38. b5 axb5 39. axb5 Nd8 40. fxg5 Nf7
41. Nc3 Nxg5 42. Na4 e5 43. Nxb6 Ne6 44. dxe5 d4 45. Nc4 dxe3+ 46. Kxe3 Nc5 47.
Nd6 Bg2 48. Be4 Bxe4 49. Nxe4 Nd7 50. Kd4 Nb6 1-0

[Event "Sportsko leto 2017"]
[Site "Paracin"]
[Date "2017.07.07"]
[Round "1.14"]
[White "Uzumcu, Ahmet Utku"]
[Black "Blagojevic, Dragisa"]
[Result "0-1"]
[WhiteElo "2223"]
[BlackElo "2483"]
[PlyCount "62"]
[EventDate "2017.??.??"]

1. e4 e5 2. Nf3 Nc6 3. Bc4 Bc5 4. c3 Nf6 5. d3 O-O 6. Nbd2 a6 7. Bb3 d6 8. h3
Ba7 9. Nf1 Ne7 10. Ng3 Ng6 11. O-O h6 12. Re1 Re8 13. Be3 Be6 14. Bc2 Bxe3 15.
Rxe3 Nh7 16. d4 Qf6 17. Nh5 Qe7 18. a4 Ng5 19. Nxg5 hxg5 20. Ng3 Nf4 21. Nf5
Qf6 22. dxe5 dxe5 23. Qf3 Rad8 24. Rd1 Rxd1+ 25. Qxd1 Rd8 26. Qe1 g6 27. Ng3 g4
28. hxg4 Bxg4 29. f3 Be6 30. b3 Qg5 31. Qf2 Bh3 0-1

[Event "Sportsko leto 2017"]
[Site "Paracin"]
[Date "2017.07.07"]
[Round "1.15"]
[White "Tan, Justin"]
[Black "Tisma, Ivan"]
[Result "1-0"]
[WhiteElo "2462"]
[BlackElo "2221"]
[PlyCount "45"]
[EventDate "2017.??.??"]

1. e4 c5 2. Nf3 d6 3. d4 cxd4 4. Nxd4 Nf6 5. Nc3 a6 6. h3 e6 7. g4 Be7 8. g5
Nfd7 9. Be3 Nc6 10. h4 Qc7 11. h5 b5 12. Nxc6 Qxc6 13. Qd4 e5 14. Qd2 Nb6 15.
Bxb6 Qxb6 16. Nd5 Qc6 17. O-O-O Be6 18. Kb1 Bxd5 19. exd5 Qc7 20. f4 exf4 21.
Qd4 f6 22. h6 g6 23. gxf6 1-0

[Event "International Tournament "]
[Site "Paracin, Hotel "]
[Date "2017.07.07"]
[Round "1.16"]
[White "Lazic, Ljubisa"]
[Black "Lajthajm, Borko"]
[Result "0-1"]
[WhiteElo "2217"]
[BlackElo "2434"]
[PlyCount "103"]
[EventDate "2017.07.07"]

1. d4 Nf6 2. Nf3 e6 3. Bf4 b6 4. e3 h6 5. h3 Bb7 6. Nbd2 d6 7. Bh2 g5 8. Bd3
Nbd7 9. Qe2 Bg7 10. Ba6 Qc8 11. Bxb7 Qxb7 12. c3 a5 13. a4 Bf8 14. O-O Rg8 15.
Bg3 Be7 16. b4 Nd5 17. Qc4 g4 18. hxg4 Rxg4 19. Nh2 Rxg3 20. fxg3 Nxe3 21. Qd3
Nxf1 22. Nhxf1 Nf6 23. Ne3 Kd7 24. Nec4 axb4 25. cxb4 b5 26. Na5 Qd5 27. axb5
Rb8 28. Nc6 Rxb5 29. Rc1 Ne8 30. Nxe7 Kxe7 31. Rc4 Qb7 32. Qa3 Qb6 33. Nf3 Nf6
34. Qc3 Nd5 35. Qc1 Rxb4 36. Rxb4 Qxb4 37. Qxh6 Qb1+ 38. Kh2 Qg6 39. Qh8 Ne3
40. Qc8 Qc2 41. Nh4 Ng4+ 42. Kh3 Nf2+ 43. Kh2 Qc1 44. g4 Nxg4+ 45. Kg3 Ne3 46.
Qh8 Qe1+ 47. Kh2 Nf1+ 48. Kg1 Ng3+ 49. Kh2 Ne2 50. Nf3 Qg3+ 51. Kh1 Nf4 52. Nh4
0-1

[Event "International Tournament "]
[Site "Paracin, Hotel "]
[Date "2017.07.07"]
[Round "1.17"]
[White "Zanan, Evgeny"]
[Black "Banovic, Ivan"]
[Result "1-0"]
[WhiteElo "2428"]
[BlackElo "2208"]
[PlyCount "153"]
[EventDate "2017.07.07"]

1. d4 Nf6 2. c4 g6 3. Nc3 Bg7 4. e4 d6 5. f3 O-O 6. Be3 c5 7. Nge2 cxd4 8. Nxd4
Nc6 9. Qd2 Bd7 10. Nc2 a5 11. Be2 a4 12. O-O Qa5 13. Rab1 Rfc8 14. Rfd1 Be6 15.
Nd5 Bxd5 16. cxd5 Qxd2 17. Rxd2 Na5 18. Na3 Nd7 19. Kf2 Ne5 20. Rd4 b5 21. Bxb5
Nb7 22. Ke2 Nc5 23. Rd2 Rcb8 24. Rc2 Na6 25. Bd2 Nc5 26. Be3 Na6 27. Bxa6 Rxa6
28. Rbc1 Raa8 29. Bd4 f5 30. Rc7 fxe4 31. fxe4 Bf6 32. R1c2 Rb4 33. Rc8+ Rxc8
34. Rxc8+ Kf7 35. Nc2 Rb7 36. Ra8 Nd7 37. Rxa4 Bxd4 38. Nxd4 Rxb2+ 39. Kf3 Nc5
40. Ra7 Rb4 41. Rxe7+ Kf6 42. Nc6 Ra4 43. Rxh7 Ra3+ 44. Kf4 Rxa2 45. g3 g5+ 46.
Kg4 Kg6 47. Re7 Ra4 48. Kf3 Ra3+ 49. Kg2 g4 50. e5 Ra2+ 51. Kg1 dxe5 52. d6 Rd2
53. Nxe5+ Kf5 54. Nc4 Rd1+ 55. Kg2 Kf6 56. Re2 Rd4 57. Rf2+ Kg5 58. Ne3 Nb7 59.
d7 Rxd7 60. Rf5+ Kg6 61. Rf4 Rd2+ 62. Kg1 Nd6 63. Rxg4+ Kh7 64. Rf4 Kg6 65. Rf2
Rd3 66. Ng4 Rd4 67. Ne5+ Kg7 68. Kg2 Ne4 69. Rc2 Nd6 70. Nf3 Ra4 71. h4 Nf7 72.
Rc3 Nd6 73. Ng5 Nf5 74. Kh3 Nh6 75. Rc7+ Kg6 76. Rc6+ Kh5 77. Ne6 1-0

[Event "International Tournament "]
[Site "Paracin, Hotel "]
[Date "2017.07.07"]
[Round "1.18"]
[White "Tanriverdi, Enes"]
[Black "Costachi, Mihnea"]
[Result "1/2-1/2"]
[WhiteElo "2203"]
[BlackElo "2427"]
[PlyCount "69"]
[EventDate "2017.07.07"]

1. d4 Nf6 2. c4 g6 3. Nc3 Bg7 4. e4 d6 5. Nf3 O-O 6. Be2 Na6 7. O-O e5 8. Be3
c6 9. Qc2 Qe7 10. c5 dxc5 11. dxe5 Ng4 12. Bg5 Qc7 13. Bxa6 bxa6 14. Bf4 Nxe5
15. Nxe5 Bxe5 16. Bxe5 Qxe5 17. Na4 Rb8 18. b3 Rb4 19. Nxc5 Rd4 20. Rad1 Rfd8
21. Qc3 f6 22. Rxd4 Rxd4 23. f4 Qd6 24. e5 Qd5 25. e6 Kf8 26. f5 gxf5 27. b4 a5
28. Nb3 Rg4 29. Qxf6+ Kg8 30. Qf7+ Kh8 31. Qf8+ Rg8 32. Qf6+ Rg7 33. Rf2 Qd1+
34. Rf1 Qd5 35. Rf2 1/2-1/2

[Event "International Tournament "]
[Site "Paracin, Hotel "]
[Date "2017.07.07"]
[Round "1.19"]
[White "Cabarkapa, Novak"]
[Black "Dimitrijevic, Nenad"]
[Result "1-0"]
[WhiteElo "2426"]
[BlackElo "2201"]
[PlyCount "51"]
[EventDate "2017.07.07"]

1. d4 Nf6 2. Nc3 d5 3. Bf4 a6 4. e3 e6 5. g4 c5 6. g5 cxd4 7. exd4 Nfd7 8. Qf3
Bb4 9. O-O-O Qa5 10. Nge2 Nc6 11. h4 b5 12. h5 Bb7 13. g6 hxg6 14. hxg6 Rxh1
15. gxf7+ Kf8 16. Qxh1 Nf6 17. Bg5 Kxf7 18. Bxf6 Kxf6 19. Qh4+ Kf7 20. Qh5+ Ke7
21. Qg5+ Kd7 22. Bh3 Ne7 23. Qe5 Qb6 24. Nf4 Bxc3 25. Bxe6+ Kd8 26. Rh1 1-0

[Event "International Tournament "]
[Site "Paracin, Hotel "]
[Date "2017.07.07"]
[Round "1.20"]
[White "Budisavljevic, Luka"]
[Black "Petrov, Martin"]
[Result "1/2-1/2"]
[WhiteElo "2196"]
[BlackElo "2417"]
[PlyCount "81"]
[EventDate "2017.07.07"]

1. d4 Nf6 2. Nf3 e6 3. e3 b6 4. Bd3 Bb7 5. O-O d5 6. c4 Bd6 7. Nc3 O-O 8. b3
Nbd7 9. Bb2 a6 10. Rc1 Qe7 11. Re1 Ne4 12. Qc2 f5 13. Ne2 Rac8 14. Ng3 c5 15.
Qe2 a5 16. Ne5 cxd4 17. Nxd7 Qxd7 18. Bxd4 Nc5 19. cxd5 Nxd3 20. Qxd3 Bb4 21.
Red1 Qxd5 22. Qf1 Rxc1 23. Rxc1 f4 24. Nh1 e5 25. Bxb6 Rf6 26. Rd1 Bd2 27. e4
Qxe4 28. Rxd2 Rxb6 29. Rd8+ Kf7 30. f3 Qe3+ 31. Nf2 Ba6 32. Qd1 Rf6 33. Qd7+
Kg6 34. Qg4+ Kh6 35. h4 g6 36. Qg5+ Kg7 37. h5 Qe1+ 38. Kh2 Qxf2 39. Rd7+ Kg8
40. Qxf6 Qg3+ 41. Kg1 1/2-1/2

[Event "International Tournament "]
[Site "Paracin, Hotel "]
[Date "2017.07.07"]
[Round "1.21"]
[White "Haria, Ravi"]
[Black "Jevtic, Sreten"]
[Result "1/2-1/2"]
[WhiteElo "2417"]
[BlackElo "2196"]
[Annotator "Natasa"]
[PlyCount "106"]
[EventDate "2017.07.07"]

1. Nf3 Nf6 2. g3 g6 3. b3 Bg7 4. Bb2 O-O 5. Bg2 c5 6. c4 Nc6 7. O-O d5 8. cxd5
Nxd5 9. Bxg7 Kxg7 10. d4 cxd4 11. Nxd4 Nxd4 12. Qxd4+ Nf6 13. Qb4 Qd6 14. Qxd6
exd6 15. Nc3 Rd8 16. Rfd1 Ne8 17. Rd4 Kf8 18. Rad1 Ke7 19. Nd5+ Kf8 20. Ne3 Rb8
21. Nc4 Ke7 22. Na5 Kf8 23. Rc1 Nf6 24. Rb4 Re8 25. e3 b6 26. Nc6 Ra8 27. Rd4
d5 28. Nb4 Bf5 29. Nxd5 Nxd5 30. Bxd5 Rac8 31. Rxc8 Rxc8 32. Bc4 Rc7 33. g4 Bc8
34. a4 h6 35. Kg2 Rd7 36. Rf4 g5 37. Rf5 Re7 38. Rf6 Kg7 39. Rd6 Bxg4 40. Kg3
Rd7 41. Rc6 Bf5 42. b4 Be4 43. Rc8 Bd5 44. Bxd5 Rxd5 45. Rc7 a5 46. Rb7 Rd6 47.
bxa5 bxa5 48. Rb5 Ra6 49. h4 Kg6 50. e4 f6 51. f4 Kh5 52. hxg5 hxg5 53. f5 Rc6
{unreadable} 1/2-1/2

[Event "International Tournament "]
[Site "Paracin, Hotel "]
[Date "2017.07.07"]
[Round "1.22"]
[White "Jovanovic, Sasa T"]
[Black "Mesaros, Florian"]
[Result "0-1"]
[WhiteElo "2193"]
[BlackElo "2415"]
[PlyCount "70"]
[EventDate "2017.07.07"]

1. d4 d5 2. c4 e6 3. Nc3 Bb4 4. e3 Nf6 5. Nf3 O-O 6. Bd3 b6 7. O-O Ba6 8. cxd5
Bxd3 9. Qxd3 exd5 10. Bd2 Nc6 11. Rfd1 Bxc3 12. Bxc3 Ne4 13. Be1 Re8 14. Rac1
Re6 15. Qa6 Ne7 16. Qa4 Nf5 17. Qc2 Rc8 18. Qa4 a5 19. Rc2 Ng5 20. Nxg5 Qxg5
21. Qd7 Nd6 22. Rdc1 h5 23. Rxc7 Rd8 24. Qa4 h4 25. Qd1 h3 26. Qf3 hxg2 27.
R1c6 Rf6 28. Qh3 Rh6 29. Qf3 Rf6 30. Qh3 Rh6 31. Qf3 Qh5 32. h3 Rf6 33. Qg4 Qh7
34. Qd7 Ne8 35. Rc8 Qd3 0-1

[Event "International Tournament "]
[Site "Paracin, Hotel "]
[Date "2017.07.07"]
[Round "1.23"]
[White "Vucinic, Gojko"]
[Black "Sahin, Ozgun"]
[Result "1-0"]
[WhiteElo "2415"]
[BlackElo "2189"]
[Annotator "Natasa"]
[PlyCount "34"]
[EventDate "2017.07.07"]

1. e4 c5 2. Nf3 g6 3. d4 cxd4 4. Nxd4 Nf6 5. Nc3 Nc6 6. Nxc6 bxc6 7. e5 Ng4 8.
Be3 Bg7 9. f4 Nh6 10. Qf3 O-O 11. O-O-O d5 12. h3 f6 13. exf6 Bxf6 14. g4 e5
15. Bc4 Be6 16. Qe2 Nf7 17. Ne4 Bg7 {unreadable} 1-0

*

[Event "International Tournament "]
[Site "Paracin, Hotel "]
[Date "2017.07.07"]
[Round "1.24"]
[White "Jocev, Milan"]
[Black "Ostojic, Nikola"]
[Result "0-1"]
[WhiteElo "2185"]
[BlackElo "2412"]
[PlyCount "76"]
[EventDate "2017.07.07"]

1. Nf3 g6 2. c4 Bg7 3. Nc3 c5 4. d4 cxd4 5. Nxd4 Nc6 6. Nc2 d6 7. e4 Bxc3+ 8.
bxc3 Nf6 9. f3 Nd7 10. Be2 b6 11. O-O Bb7 12. Nb4 Rc8 13. Nd5 Na5 14. Ne3 f6
15. Rb1 O-O 16. h4 Kh8 17. h5 g5 18. Rb4 Ne5 19. Nf5 Nexc4 20. Bxc4 Nxc4 21.
Qa4 Na5 22. Rb2 Qe8 23. Qd4 Nc4 24. Rbf2 Ne5 25. f4 gxf4 26. Bxf4 Rc4 27. Bxe5
Rxd4 28. Bxd4 e5 29. Be3 Qe6 30. Bh6 Rg8 31. Ng7 Qg4 32. Rxf6 Bxe4 33. R1f2 Bd5
34. Rxd6 Qe4 35. c4 Bxc4 36. Rdf6 Rxg7 37. Bxg7+ Kxg7 38. h6+ Kg8 0-1

[Event "International Tournament "]
[Site "Paracin, Hotel "]
[Date "2017.07.07"]
[Round "1.25"]
[White "Mcphillips, Joseph"]
[Black "Marholev, Dimitar"]
[Result "1-0"]
[WhiteElo "2400"]
[BlackElo "2177"]
[PlyCount "71"]
[EventDate "2017.07.07"]

1. e4 e5 2. Nf3 Nc6 3. Bb5 a6 4. Ba4 g6 5. c3 Bg7 6. d4 exd4 7. cxd4 b5 8. Bc2
d6 9. h3 Nf6 10. a4 Bb7 11. Nc3 b4 12. Ne2 O-O 13. O-O Na5 14. Ng3 c5 15. Bg5
h6 16. Bf4 Re8 17. dxc5 Nxe4 18. cxd6 Nxg3 19. fxg3 b3 20. Bd3 g5 21. Bc1 Re6
22. d7 Qb6+ 23. Kh2 Rd8 24. Bxg5 hxg5 25. Nxg5 Re7 26. Bh7+ Kf8 27. Qg4 Rdxd7
28. Nxf7 Rxf7 29. Qxd7 Bf6 30. Qd3 Qd4 31. Qg6 Nc6 32. Qg8+ Ke7 33. Bg6 Ne5 34.
Bxf7 Nxf7 35. Rae1+ Be4 36. Rf4 1-0

[Event "International Tournament "]
[Site "Paracin, Hotel "]
[Date "2017.07.07"]
[Round "1.26"]
[White "Djokic, Slavoljub"]
[Black "Radovanovic, Nikola"]
[Result "0-1"]
[WhiteElo "2167"]
[BlackElo "2399"]
[Annotator "Natasa"]
[PlyCount "94"]
[EventDate "2017.07.07"]

1. c4 Nf6 2. Nc3 g6 3. Nf3 Bg7 4. g3 O-O 5. Bg2 d6 6. O-O Nc6 7. d4 Bf5 8. Nh4
Bd7 9. Bg5 h6 10. Bxf6 Bxf6 11. Nf3 Bg7 12. Rc1 Bg4 13. e3 e5 14. d5 Ne7 15. h3
Bd7 16. b4 a5 17. a3 g5 18. Nd2 f5 19. e4 g4 20. exf5 gxh3 21. Bxh3 axb4 22.
axb4 Nxf5 23. Qg4 Rf7 24. Qh5 Nd4 25. Bxd7 Qxd7 26. Ne2 Qf5 27. Qxf5 Nxe2+ 28.
Kg2 Rxf5 29. Ra1 Rff8 30. Ne4 Nd4 31. c5 Nb5 32. Ra5 Rxa5 33. bxa5 Ra8 34. Ra1
Bf8 35. c6 bxc6 36. dxc6 Ra6 37. Nf6+ Kf7 38. Nd5 Rxc6 39. a6 Na7 40. Ne3 Ke6
41. f4 exf4 42. gxf4 Rc3 43. Re1 Kf7 44. Kf2 Ra3 45. Rc1 Bg7 46. Nf5 Ra5 47.
Rxc7+ {unreadable} Kg6 0-1


*

[Event "International Tournament "]
[Site "Paracin, Hotel "]
[Date "2017.07.07"]
[Round "1.27"]
[White "Brankovic, Dejan"]
[Black "Peycheva, Gergana"]
[Result "1-0"]
[WhiteElo "2377"]
[BlackElo "2161"]
[PlyCount "95"]
[EventDate "2017.07.07"]

1. Nf3 c5 2. g3 Nc6 3. Bg2 g6 4. O-O Bg7 5. d3 d6 6. e4 e5 7. c3 Nge7 8. a4 O-O
9. Na3 h6 10. Rb1 Be6 11. b4 b6 12. b5 Na5 13. c4 Rb8 14. Bd2 Nb7 15. Qc1 Kh7
16. Nc2 f5 17. Ne3 Qd7 18. Nd5 fxe4 19. dxe4 Nxd5 20. exd5 Bf5 21. Rb3 Rf7 22.
Nh4 Rbf8 23. Qd1 Bf6 24. Nxf5 Qxf5 25. Qe2 Qc2 26. Rc3 Qb2 27. Qd3 Bg5 28. f4
exf4 29. Rb1 Qa2 30. Ra3 Qxd2 31. Qxd2 f3 32. Qd3 fxg2 33. Kxg2 Rf2+ 34. Kh3
Rd2 35. Qe4 Rff2 36. Rh1 Nd8 37. Rf3 Rd4 38. Qxd4 cxd4 39. Rxf2 Kg7 40. Rd1 Be3
41. Rf4 Nf7 42. Rfxd4 Bxd4 43. Rxd4 Ne5 44. Kg2 Kf6 45. Rf4+ Kg7 46. Kf1 g5 47.
Re4 Kf6 48. g4 1-0